000 00532nam a22001817a 4500
999 _c169458
_d169458
005 20191120172546.0
010 _aENG-126949
020 _c499.00
_a9789388002004
035 _aEN-110481
037 _bDBAD/PUB
082 _aN
100 _aBanerjee, Aditi
245 _aThe curse of Ghandhari /
_cby Aditi Banerjee
260 _bBloomsbury Publishing
_c2019
_aNew Delhi
270 _aSecond Floor, LSC Building No.4, DDA Complex, Pocket -C-6&7
_e110070
_bVasant Kunj
300 _a317p.
_c22cm(pbk)
942 _2ddc
_cEN
_hN
_mBAN